000
00324nam a2200145Ia 4500
008
150201s2009 xx 000 0 und d
082
_a
611
_b
D09B
100
_a
BHALAJHI,S I
245
_a
DENTAL ANATOMY
250
_a
2ND
260
_b
ARYA PUB.
_a
DELHI
_c
2009
300
_a
1-523
650
_a
DENTISTRY
942
_2
ddc
_c
BK
_0
1
999
_c
347
_d
347